000 00366nam a2200145Ia 4500
008 200103s9999||||xx |||||||||||||| ||und||
020 _a0671724002,
040 _aIMU-MPC
082 _aColumn-64
100 _aCarnegie, Dale
245 4 _aThe Quick and Easy way to effective speaking
260 _bPacket Books, New York
_c1977
300 _axi, 221
942 _cBK
999 _c11414
_d11414